Tự học AutoCAD : Thiết kế 3D
Quyển sách đề cập những vấn đề liên quan đến lĩnh vực 3D (ba chiều) của chương trình Autocard 2005. Thông qua các bài học, bạn sẽ được giới thiệu các loại mô hình 3D khác nhau, từ mô hình khung dây (Wireframe) đơn giản cho đến mô hình bề mặt...
Salvato in:
| Autore principale: | |
|---|---|
| Natura: | Libro |
| Lingua: | Undetermined |
| Pubblicazione: |
Hà nội
Lao Động - Xã Hội
2006
|
| Soggetti: | |
| Tags: |
Aggiungi Tag
Nessun Tag, puoi essere il primo ad aggiungerne! !
|
| Thư viện lưu trữ: | Trung tâm Học liệu Trường Đại học Cần Thơ |
|---|
| LEADER | 01342nam a2200217Ia 4500 | ||
|---|---|---|---|
| 001 | CTU_174228 | ||
| 008 | 210402s9999 xx 000 0 und d | ||
| 020 | |c 62000 | ||
| 082 | |a 620.00420285 | ||
| 082 | |b Ng527 | ||
| 100 | |a Lưu, Triều Nguyên | ||
| 245 | 0 | |a Tự học AutoCAD : | |
| 245 | 0 | |b Thiết kế 3D | |
| 245 | 0 | |c Lưu Triều Nguyên (Chủ biên) | |
| 260 | |a Hà nội | ||
| 260 | |b Lao Động - Xã Hội | ||
| 260 | |c 2006 | ||
| 520 | |a Quyển sách đề cập những vấn đề liên quan đến lĩnh vực 3D (ba chiều) của chương trình Autocard 2005. Thông qua các bài học, bạn sẽ được giới thiệu các loại mô hình 3D khác nhau, từ mô hình khung dây (Wireframe) đơn giản cho đến mô hình bề mặt (Surface) và khối đặc (Solid). Đặc biệt là từ mô hình khối đặc, chúng ta dễ dàng tạo được các hình chiếu 2D một cách tự động, bảo đảm chính xác và đồng nhất giữa các hình chiếu vì chúng đều được trích xuất từ cùng một mô hình : | ||
| 650 | |a Autocad,Autocad | ||
| 904 | |i Giàu,Hải | ||
| 980 | |a Trung tâm Học liệu Trường Đại học Cần Thơ | ||